12 apostol nevei - Statistics

General Stats
  • This quiz has been taken 133 times
  • The average score is 7 of 12
Answer Stats
Válaszok % Correct
Simon
93%
Júdás
84%
János
83%
Máté
76%
Tamás
66%
András
53%
Jakab
53%
Jakab
53%
Simon
50%
Bertalan
36%
Tádé
36%
Fülöp
33%
No matching quizzes found
Score Distribution
Percent of People with Each Score
Percentile by Number Answered
Your Score History
You have not taken this quiz